| 000 | 00616nam a22001932 4500 | ||
|---|---|---|---|
| 001 | 0000020801 | ||
| 005 | 20151217152222.0 | ||
| 008 | 111017s xx 000 0 eng d | ||
| 040 |
_aKABU _cKABU |
||
| 245 | 1 | 2 |
_aA Curriculum for community paralegal workers / _cParalegal Support Network (PASUNE) |
| 250 | _a1st ed. | ||
| 260 |
_aNairobi : _bPASUNE, _c2003. |
||
| 300 |
_a93 p. ; _c cm. |
||
| 650 | 0 |
_aLegal assistants _xEducation _xCurriculum. _@0000181365 |
|
| 710 | 2 |
_aParalegal Support Network. _@0000181366 |
|
| 852 | 1 | _9p200 KES | |
| 908 | _a111017 | ||
| 950 | _@1 | ||
| 999 |
_c9506 _d9506 |
||